Dictamen de la Academia Provincial de Bellas Artes de Barcelona sobre Organización de los servicios públicos en la esfera de las manifestaciones artísticas y Tecnicismo de las Escuelas de Bellas Artes del Dibujo
Descripción Física:
29 p. ; 22 cm
Materias:
Escoles de Belles Arts
MARC
| LEADER | 00000nam a2200000Ia 4500 | ||
|---|---|---|---|
| 001 | 8183 | ||
| 008 | 160829s1901 xx 000 0 cat d | ||
| 080 | |a RF-5-60 | ||
| 110 | 2 | |a Academia Provincial de Bellas Artes de Barcelona |9 55093 | |
| 245 | |a Dictamen de la Academia Provincial de Bellas Artes de Barcelona sobre Organización de los servicios públicos en la esfera de las manifestaciones artísticas y Tecnicismo de las Escuelas de Bellas Artes del Dibujo | ||
| 260 | |a Barcelona : |b (Imp.Barcelonesa), |c 1901 | ||
| 300 | |a 29 p. ; |c 22 cm | ||
| 650 | |a Escoles de Belles Arts |9 47355 | ||
| 856 | 4 | |u https://media.diba.cat/diba/fitxers/arxiu/fulletons/bib_8183_1901_baixa.pdf |y Accés lliure | |
| 856 | 4 | |u https://media.diba.cat/diba/fitxers/arxiu/fulletons/bib_8183_1901_baixa.pdf |y Accés lliure | |
| 901 | |a Arxiu | ||
| 942 | |n 1 |2 udc | ||
| 952 | |0 0 |1 0 |4 0 |6 RF560 |7 1 |9 44528 |a Arxiu |b Arxiu |d 2016-12-01 |l 0 |o RF-5-60 |p 8183 |r 2016-12-01 00:00:00 |w 2016-12-01 |y ARXIU | ||
| 999 | |c 47109 |d 47109 | ||
| 900 | |a bib_8183_1901_baixa.pdf | ||